000 00547nam a2200217Ia 4500
003 OSt
005 20220926035537.0
006 a|||||r|||| 00| 0
007 ta
008 220923b |||||||| |||| 00| 0 eng d
037 _cGeneral Book
040 _aRTL
_cRTL
_beng
041 _2eng
_aeng
082 _aX6z7, H9-;1
100 _aKeynes J Maynard
_9342457
245 0 _aTwo mamoirs
260 _c1949
650 _aEssays on Credit
_9233190
942 _hX6z7, H9-;1
_cGB
_2CC
999 _c662511
_d662511